Normal view
MARC view
- The Ships of Youth
Entry Topical Term
001 - CONTROL NUMBER
- control field: 107892
003 - CONTROL NUMBER IDENTIFIER
- control field: NUST
005 - DATE AND TIME OF LATEST TRANSACTION
- control field: 20230127122308.0
008 - FIXED-LENGTH DATA ELEMENTS
- fixed length control field: 230127|| aca||aabn | a|a d
040 ## - CATALOGING SOURCE
- Original cataloging agency: NUST
- Transcribing agency: NUST
150 ## - HEADING--TOPICAL TERM
- Topical term or geographic name entry element: The Ships of Youth
670 ## - SOURCE DATA FOUND
- Source citation: Work cat.: (NUST)186174: Edge , Geraldine 107891, The Ships of Youth /, 1945
